Малката русалка Ариел (Запис номер 329109)
[ съкратено ]
| 000 -Лидер | |
|---|---|
| Контролно поле с фиксирана дължина | 01210nam a2200265 a 4500 |
| 003 - Код на организацията, давaща контролен номер | |
| Контролно поле | BLK |
| 005 - Дата и час на последна редакция | |
| Контролно поле | 20250723182321.0 |
| 008 - Елементи от данни с фиксирана дължина | |
| fixed length control field | 190214b bu ||||| |||| 00| 0 bu d |
| 020 ## - Международен стандартен номер на книга ISBN | |
| Международен стандартен номер на книга ISBN | 9789542700227 |
| 040 ## - Източник на каталожния запис | |
| Идентификатор на билиотеката - собственик на записа | BLK |
| 041 ## - Код за език | |
| Код за езика на текст/звукозапис или на отделно заглавие | Български |
| Код за езика КДБФ | Български |
| 080 ## - УДК | |
| Текстов определител УДК | Американска литература (на САЩ) |
| УДК код - определител по УДК | 821.111(73) |
| УДК определител | -93-91 |
| УДК - код + определител | 821.111(73)-93-91 |
| 139 ## - Редно поле | |
| Редна дума | Малката русалка Ариел |
| Авторски знак | Малк - М 23 |
| 245 ## - Сведения за заглавието | |
| Заглавие | Малката русалка Ариел |
| Редно поле (дума) | Прев. Лили Илиева |
| 250 ## - Област на изданието | |
| Сведения за изданието | 4. допеч. |
| 260 ## - Област на издателските данни | |
| 9 (RLIN) | 209434 |
| Място на издаване, разпространение и проч. | София |
| Име на издателя, разпространителя и проч. | Егмонт България |
| Година на издаване | 2013 |
| 300 ## - Физическа характеристика | |
| Страници | 64 с. |
| Размери/Мащаб | 28 см |
| 380 ## - Жанр | |
| Жанр | Детска худож. лит. |
| 490 ## - СЕРИИ (Колекции) | |
| Име на серия | Приказна колекция |
| Бележки за серията | Серия - Книги |
| №: серия | 8 |
| 9 (RLIN) | 203480 |
| 500 ## - Общи забележки | |
| Забележка | Ориг. загл. The littie mermaid. - Пълното име на прев. е Лилия Христова Илиева. - 1. изд. 1998 в сер. Чародейства. - Изд. на оригинала Disney. - Офс. изд. |
| 700 ## - Други автори (авторска отговорност) | |
| Лично име | Илиева, Лили Христова |
| Дати, свързани с автора | 1956 - |
| Пълна форма на името | Илиева, Лилия Христова |
| 9 (RLIN) | 241658 |
| 999 ## - СИСТЕМНИ КОНТРОЛНИ НОМЕРА | |
| Koha biblionumber | 329109 |
| Koha biblioitemnumber | 329109 |
| 942 ## - АРТИКУЛИ | |
| Вид на библиотечния материал | Книги |
| Скрит в OPAC | Не |
| Koha issues (borrowed), all copies | 66 |
| Периодичен библиозапис | Да |
| 944 ## - СЪЗДАВАНЕ И РЕДАКЦИЯ на ЗАПИСА | |
| Служител, извършил регистрацията/редакцията | 30564 |
| Статус, дата на статуса | Анна Гръцманова |
| 999 ## - СИСТЕМНИ КОНТРОЛНИ НОМЕРА | |
| Koha biblioitemnumber | 329109 |
| Код за отписване | Код за изгубен артикул | Източник на класификационната схема | Код за повреда | Коз за рестрикции | Код за отдаване | Артикулен № | Име на библиотеката - собственик | Име на библиотеката, в която се намира в момента | Статус (Текущо местоположение) | Дата на вписване в системата | Местоположение - отдел | Цена в лева | Систематично азбучна сигнатура | Баркод | Цена в евро | Служебен тип на артикула |
|---|---|---|---|---|---|---|---|---|---|---|---|---|---|---|---|---|
| Не е изгубен | Universal Decimal Classification | Не е повреден | без рестрикции | заемане за дома | 689807 | Регионална библиотека "Любен Каравелов" Русе | Регионална библиотека "Любен Каравелов" Русе | Детски отдел | 2019-02-19 | Детски отдел | 13.90 | ДХ 820/899/М 23 | 120000830241 | 7.11 | Книги | |
| Не е изгубен | Universal Decimal Classification | Не е повреден | без рестрикции | заемане за дома | 816689 | Регионална библиотека "Любен Каравелов" Русе | Регионална библиотека "Любен Каравелов" Русе | Детски отдел | 2021-03-17 | Детски отдел | 11.90 | 821-93/М 23 | 120000853633 | 6.08 | Книги |